|
|
|
|
| LEADER |
00000naa2a2200000 4500 |
| 001 |
52581 |
| 005 |
20251201173826.0 |
| 035 |
|
|
|a (RuTPU)RU\TPU\book\55119
|
| 035 |
|
|
|a RU\TPU\book\55111
|
| 090 |
|
|
|a 52581
|
| 100 |
|
|
|a 20030603d1996 k y0rusy50 ca
|
| 101 |
0 |
|
|a rus
|
| 102 |
|
|
|a RU
|
| 200 |
1 |
|
|a Перспективы применения новых информационных технологий в учебных курсах по нейтронной физике
|f Г. Н. Колпаков, А. Ф. Лавренюк, О. В. Смиренский
|
| 461 |
|
1 |
|0 (RuTPU)RU\TPU\book\127170
|t Технический университет: реформы в обществе и открытое образовательное пространство
|o труды Международной научно-практической конференции, 14-17 мая 1996 г., Томск
|o в 2 т.
|f Томский политехнический университет
|d 1996
|
| 463 |
|
0 |
|0 (RuTPU)RU\TPU\book\13019
|t Т. 2
|v С. 113
|d 1996
|
| 610 |
1 |
|
|a труды учёных ТПУ
|
| 700 |
|
1 |
|a Колпаков
|b Г. Н.
|c российский физик
|c доцент Томского политехнического университета, кандидат физико-математических наук
|f 1943-
|g Геннадий Николаевич
|3 (RuTPU)RU\TPU\pers\25613
|
| 701 |
|
1 |
|a Лавренюк
|b А. Ф.
|c российский физик, энергетик
|c профессор Томского политехнического университета, доктор технических наук
|f 1943-2006
|g Александр Федорович
|3 (RuTPU)RU\TPU\pers\17573
|
| 701 |
|
1 |
|a Смиренский
|b О. В.
|
| 801 |
|
2 |
|a RU
|b 63413507
|c 20140425
|g PSBO
|
| 942 |
|
|
|c BK
|